Sri Sri Sankardeva/ (Record no. 12038)

MARC details
000 -LEADER
fixed length control field 00499nam a22001937a 4500
005 - DATE AND TIME OF LATEST TRANSACTION
control field 20250218074003.0
008 - FIXED-LENGTH DATA ELEMENTS--GENERAL INFORMATION
fixed length control field 250218b |||||||| |||| 00| 0 eng d
020 ## - INTERNATIONAL STANDARD BOOK NUMBER
International Standard Book Number 9789324405746
040 ## - CATALOGING SOURCE
Original cataloging agency IN-DiNC
Transcribing agency IN-DiNC
041 ## - LANGUAGE CODE
Language code of sung or spoken text Assamese
082 ## - DEWEY DECIMAL CLASSIFICATION NUMBER
Classification number 920
Item number NEO
100 ## - MAIN ENTRY--PERSONAL NAME
Personal name Neog, Maheswar
Relator term Author
245 ## - TITLE STATEMENT
Title Sri Sri Sankardeva/
Statement of responsibility, etc. by Maheswar Neog
250 ## - EDITION STATEMENT
Edition statement 9th ed.
260 ## - PUBLICATION, DISTRIBUTION, ETC.
Place of publication, distribution, etc. Guwahati:
Name of publisher, distributor, etc. Chandra prakash,
Date of publication, distribution, etc. 2016.
300 ## - PHYSICAL DESCRIPTION
Extent 168p.
650 ## - SUBJECT ADDED ENTRY--TOPICAL TERM
Topical term or geographic name entry element Biography of Sankardeva
942 ## - ADDED ENTRY ELEMENTS (KOHA)
Source of classification or shelving scheme Dewey Decimal Classification
Koha item type Books
Holdings
Withdrawn status Lost status Source of classification or shelving scheme Damaged status Not for loan Collection code Home library Current library Shelving location Date acquired Cost, normal purchase price Total Checkouts Full call number Barcode Date last seen Date last checked out Copy number Price effective from Koha item type
    Dewey Decimal Classification     Assamese Central Library, Naharkatiya College Central Library, Naharkatiya College General Stacks 18/02/2025 160.00 3 920 NEO 27781 13/05/2025 29/04/2025 1 18/02/2025 Books

Naharkatiya College © 2020. All rights reserved.

Powered By